The New Oxford Companion to Music. (Record no. 1915)

MARC details
000 -LEADER
fixed length control field 00369nam a22001217a 4500
005 - DATE AND TIME OF LATEST TRANSACTION
control field 20200907100724.0
008 - FIXED-LENGTH DATA ELEMENTS--GENERAL INFORMATION
fixed length control field 200907b ||||| |||| 00| 0 eng d
020 ## - INTERNATIONAL STANDARD BOOK NUMBER
International Standard Book Number 0193113163
040 ## - CATALOGING SOURCE
Transcribing agency CML
245 ## - TITLE STATEMENT
Title The New Oxford Companion to Music.
Statement of responsibility, etc. Arnold, D.
260 ## - PUBLICATION, DISTRIBUTION, ETC.
Place of publication, distribution, etc. New York
Name of publisher, distributor, etc. Oxford University
Date of publication, distribution, etc. 1983
942 ## - ADDED ENTRY ELEMENTS (KOHA)
Source of classification or shelving scheme Dewey Decimal Classification
Koha item type Books
Edition 1st Edition
Classification part 780
Call number prefix R780
Call number suffix ARN
Holdings
Withdrawn status Lost status Source of classification or shelving scheme Damaged status Not for loan Collection code Home library Current library Shelving location Date acquired Total Checkouts Full call number Barcode Date last seen Copy number Price effective from Koha item type
    Dewey Decimal Classification     Technology (Applied Sciences) Chalimbana Main Library Chalimbana Main Library The Arts Fine & Decorative Arts 09/07/2020   780.03 ARN 9780193113169 09/07/2020 1 09/07/2020 Books

Powered by Koha